Imidž a jeho prezentácia v podnikovohospodárskej praxi diplomová práca

Enregistré dans:
Détails bibliographiques
Auteur principal: Marcinko, Lukáš
Collectivité auteur: Podnikovohospodárska fakulta EU so sídlom v Košiciach. Katedra obchodného podnikania
Autres auteurs: Lieskovská, Vanda, 1961-
Format: Livre
Langue:slovaque
Publié: Košice 2017
Tags: Ajouter un tag
Pas de tags, Soyez le premier à ajouter un tag!

MARC

LEADER 00000nbm a2200000 4500
001 0235304
005 20171121130408.2
041 0 |a slo 
044 |a SK 
245 1 0 |a Imidž a jeho prezentácia v podnikovohospodárskej praxi  |b diplomová práca  |c Lukáš Marcinko ; školiteľ: Vanda Lieskovská 
264 1 |a Košice  |c 2017 
300 |a 84 s. 
100 1 |a Marcinko, Lukáš 
700 1 |a Lieskovská, Vanda, 1961- 
710 2 |a Podnikovohospodárska fakulta EU so sídlom v Košiciach. Katedra obchodného podnikania